[Event "EU-ch 12th"]
[Site "Aix les Bains"]
[Date "2011.03.27"]
[Round "6"]
[White "Jones, Gawain C B"]
[Black "Bologan, Viktor"]
[Result "1-0"]
[WhiteElo "2578"]
[BlackElo "2671"]
[Annotator "Jones,G"]
[PlyCount "67"]
[EventDate "2011.03.22"]
[EventType "swiss"]
[EventRounds "11"]
[EventCountry "FRA"]
[SourceTitle "CBM 142 Extra"]
[Source "ChessBase"]
[SourceDate "2011.06.27"]
[SourceVersion "1"]
[SourceVersionDate "2011.06.27"]
[SourceQuality "1"]

{I have recently written a book "How to Beat the Sicilian Defence" and
modelled the repertoire on Bb5 lines.} 1. e4 c5 2. Nf3 d6 3. Bb5+ Nd7 4. d4 a6
({Two rounds earlier I faced} 4... Ngf6 5. O-O Nxe4 $6 {This doesn't quite
lose outright but is a very dangerous way of playing.} 6. Re1 Nef6 7. dxc5 dxc5
8. Ng5 $1 {I feel this is the more accurate move order} (8. Bc4 {allows} h6)
8... e6 ({I analyse} 8... h6 9. Nxf7 Kxf7 10. Bc4+ Ke8 11. Nc3 {fairly deeply
in the book and come to the conclusion that Black is just lost.}) 9. Bc4 Be7
10. Bxe6 $1 O-O (10... fxe6 11. Nxe6 Qb6 12. Qe2 $1 {regains the piece with an
extra pawn.}) 11. Qe2 Nb6 12. Bxc8 Nxc8 13. Nc3 h6 14. Nge4 Nxe4 15. Qxe4 Bf6 (
15... Nd6 $4 {was played in the only game to have reached this far Bakian,
V-Degraeve, JM Bel Ch 1997 which of course simply drops the bishop.}) 16. Qxb7
Bxc3 17. bxc3 Nb6 18. Be3 (18. Bf4 {was my suggestion in the book but doesn't
change very much.}) 18... Qc8 19. Qe7 Na4 20. Qe4 Qa6 21. Qd3 Qc6 22. Rab1 Rab8
23. c4 {Jones,G (2578)-Shirazi,K (2403) European Individual Championships 2011.
and I eventually converted my extra pawn.}) 5. Bxd7+ Bxd7 6. dxc5 dxc5 7. Nc3 (
{In a game from last year, again against the French IM Kamran Shirazi I forgot
the move order and started with} 7. Bf4 Nf6 8. Nc3 b5 9. O-O e6 10. Re1 Be7 11.
e5 (11. Nd5 $5 Nxd5 12. exd5 O-O 13. d6 Bf6 14. Ne5 $14 {was an interesting
choice.}) 11... Nd5 {The French IM chooses to sacrifice a pawn to liberate his
bishop pair and try to get some activity.} (11... Nh5 {looks awkward but I can
only find a slight edge for White.} 12. Be3 (12. Bd2 O-O 13. g4 Bc6 $15 {
and White fails to win the piece.}) 12... Bc6 13. Nd2 g6 14. Bh6 $14) 12. Nxd5
exd5 13. Qxd5 O-O 14. Rad1 {Jones,G (2576)-Shirazi,K (2394) Corsica Masters
2010. and I had an extra pawn but this time failed to convert and had to
acquiesce to the draw.}) 7... e6 ({Previously Bologan had tried} 7... Bc6 8.
Qxd8+ Rxd8 9. Ne5 Rc8 {Socko,B (2579)-Bologan,V (2665) playchess.com 2004 ,
but White must have some edge here due to his lead in development and Black's
queenside holes.}) 8. Bf4 {Ni Hua's choice against Carlsen and the most
critical test. The point is to cover the c7-square.} ({Instead} 8. Ne5 Qc7 9.
Qxd7+ Qxd7 10. Nxd7 Kxd7 {Romero Holmes,A (2544)-Bologan,V (2673) Pamplona
2003, doesn't give White any real advantage and indeed Bologan had previously
managed to win with the Black pieces here.}) 8... Ne7 9. Ne5 Ng6 {Viorel was
taking a lot of time around here so was evidently on his own but again he
finds the best response.} ({Instead} 9... Bb5 10. Qh5 g6 11. Qf3 Nc6 {of Adams,
M (2729)-Bu Xiangzhi (2708) Yerevan 2008 gives White a pleasant choice between}
12. Nxb5 ({and Vigorito's suggestion of} 12. Nxf7 $5) 12... axb5 13. Nxc6 bxc6
14. Be5 Rg8 15. O-O $16) 10. Qh5 Nxe5 {In the book I dismissed this move with
the words: "is legal but it's hard to find a constructive move for Black after}
(10... Bc6 {is probably best and was Magnus' choice.} 11. Bg3 ({I suggest} 11.
Nxg6) 11... Nxe5 12. Bxe5 c4 13. O-O Qa5 14. Qg5 h6 15. Qg3 f6 16. Qg6+ Ke7 17.
Bf4 Be8 18. Qg3 Kf7 19. Rad1 Bc6 20. Rd2 e5 21. Be3 Bb4 {Ni Hua (2665)-Carlsen,
M (2801) London 2009. and Black had managed to untangle his pieces and stood
well.}) 11. Bxe5 {while White can complete his development." Following this
game I see no reason to alter my words.} h6 {Black has a big problem to come
up with a plan.} (11... Bc6 {was played in the only preceding encounter I can
find.} 12. O-O Qa5 13. Rad1 (13. Rfe1 c4 14. Nd5 $1 {looks very strong, i.e.}
Bxd5 (14... exd5 15. exd5 Qxd5 16. Bxg7+ Be7 17. Qxd5 Bxd5 18. Bxh8 $18) 15.
exd5 Qxd5 16. Rad1 Qb5 17. Re4 $16) 13... c4 14. Qg5 Qc5 15. Rfe1 f6 {This
just gives up a pawn but it's hard to suggest a good move.} 16. Bxf6 $1 Qxg5 (
16... gxf6 17. Qxf6 $18) 17. Bxg5 Bb4 18. a3 Bxc3 19. bxc3 $16 {Brkic,A (2544)
-Feletar,D (2377) Sibenik 2009.}) 12. h4 {Black's last threatened ...Qg5.} Bc6
13. Rd1 {With this move I was preparing the forthcoming piece sacrifice.} (13.
O-O {is similar to the Brkic game examined above but probably a slightly
better version for Black as I can no longer use the g5-square.} c4 14. Rfe1 (
14. Rad1 Qa5 15. Nd5 {transposes to the game.}) 14... Qa5 15. Nd5 Bxd5 16. exd5
Qxd5 17. Rad1 {with good play for the pawn was the safest way to continue.})
13... Qa5 14. O-O c4 15. Nd5 $1 {Bologan was threatening ...g6 so this piece
sacrifice is forced. I can generate very good play with my large lead in
development and Black's king stuck in the centre.} exd5 16. exd5 Bd7 17. Bc3
Bb4 $1 {Playing against such a feared aggressive opponent I knew he would
sacrifice his extra material to fight for the initiative.} (17... Qc5 18. Rfe1+
{is very scary:} Kd8 (18... Be7 19. Bd4 Qd6 20. Be5 Qg6 21. Qxg6 fxg6 22. Bd6 {
leaves White a pawn up with a fantastic position.}) 19. Qxf7 Bd6 20. Bd4 Qb5
21. Re6 $1 {and Black won't last long, e.g.} Bxe6 22. dxe6 Kc8 23. Bxg7 Rd8 24.
Bxh6 Qc6 25. Bg5 $1 Rf8 26. Rxd6 $1 Qxd6 27. e7 Rxf7 28. e8=Q+ Kc7 29. Qxf7+ {
and the four pawns for the exchange is easily winning.}) 18. Bxg7 {I decided
to cash in.} (18. Qe5+ {was the alternative but I wasn't sure how to assess}
Kd8 19. Qxg7 Re8 {However Rybka tells me that White is clearly better with} 20.
Rfe1 Bxc3 ({Black must exchange bishops as} 20... Kc7 21. Qg3+ Kb6 22. Bd4+ Bc5
23. Qd6+ $18) 21. bxc3 Kc7 22. Qg3+ Kc8 23. Rxe8+ Bxe8 24. Re1 Bd7 25. Qd6 {
and I would have a clear advantage. However it's extremely difficult for a
human to calculate these variations, let alone evaluate them at the end!})
18... O-O-O {Continuing the theme of giving material to defuse the initiative.}
(18... Rg8 $5 19. Qe5+ Kd8 20. Qf6+ Kc8 21. Qxf7 Qd8 22. d6 {and White will
have four pawns for the piece but still has to be careful as if Black gets his
king to safety then he'll generate dangerous counterplay against my king.}) 19.
Bxh8 Rxh8 20. Qxf7 {So following my piece sacrifice on move 15 we've reached
an odd material imbalance. I have a rook and three pawns (while h6 is likely
to drop) for the two bishops. Therefore I should have a clear advantage
although I have to be very careful to prevent Black's pieces coordinating as
then my king might come under heavy bombardment.} Rf8 ({Perhaps bringing the
queen back into the game with} 20... Qc7 {should have been considered.}) 21.
Qg7 Qd8 $6 ({And here} 21... Bd6 22. Qxh6 Qb6 23. Qg7 Bc5 {was more accurate
when Black's pieces are starting to direct towards my king. This position is a
good example of the positional rule discovered by Znosko-Borovsky. I only came
across this rule reading Luke McShane's article in New in Chess, but Krasenkow
describes it as 'when you have a material advantage, but your opponent is
ahead in development, don't remove your advanced pieces, even if they don't
look safe. They must prevent your opponent's manoeuvring'. Here I must keep my
queen on g7 to stop his rook taking the h- and g-files.}) 22. Rd4 $1 {Bringing
the rook into the game. It's very useful both aggressively hitting c4 and also
defensively, covering Ph4 and f4, g4-squares.} Bd6 (22... b5 23. Qxh6 Rf6 24.
Qg5 Bd6 {would transpose to the game.}) 23. Qxh6 Rf6 24. Qg5 {Here I actually
intended to take on c4 but somehow moved my queen instead.} (24. Rxc4+ {
would have been very strong and was intended. I analysed} Kb8 25. Qg5 Bb5 26.
Re4 Bxf1 27. Re6 Rf8 28. Qxd8+ Rxd8 29. Kxf1 {when the five (!) pawns for the
piece are more than enough for victory.}) 24... b5 25. b3 Qh8 {This doesn't
really achieve anything.} (25... Qf8 {was perhaps better but again there is a
pleasant choice between 26.Qe3 with a clear edge or} 26. bxc4 $5 Bf4 27. Rxf4
Rxf4 28. cxb5 Bxb5 29. c4 $1 Rxc4 30. Rc1 {and it's only four pawns for the
piece but that is probably still enough.}) 26. Re4 Rf5 27. Qe3 cxb3 28. Qb6 $1
{Now Black's king's weakness is the decisive factor.} Qf6 29. Qxa6+ Kb8 30. Re6
$1 Bh2+ 31. Kxh2 Qxh4+ 32. Kg1 Bxe6 33. Qb6+ Ka8 34. axb3 $1 {I found this
very aesthetically pleasing. It's not very common to play axb3 to force
resignation! I believe this line gives White good chances for an advantage.}
1-0

[Event "Bayern-chI Bank Hofmann 1st"]
[Site "Bad Wiessee"]
[Date "1997.11.20"]
[Round "6"]
[White "Ashley, Maurice"]
[Black "Kempinski, Robert"]
[Result "1-0"]
[WhiteElo "2445"]
[BlackElo "2530"]
[Annotator "Jussupow,A"]
[PlyCount "77"]
[EventDate "1997.11.15"]
[EventType "swiss"]
[EventRounds "9"]
[EventCountry "GER"]
[SourceTitle "CBM 061 Extra"]
[Source "ChessBase"]
[SourceDate "1998.03.09"]
[SourceVersion "1"]
[SourceVersionDate "1998.03.09"]
[SourceQuality "1"]

1. e4 c5 2. Nf3 d6 3. Bb5+ Nd7 4. d4 cxd4 {Die etwas präzisere Zugfolge ist
zuerst 4...Ngf6 und nur nach 5.0-0 cxd4.} (4... Ngf6 5. O-O cxd4 6. Qxd4 a6 (
6... e5 7. Qd3) 7. Bxd7+ Bxd7 8. Bg5 h6 9. Bxf6 gxf6 10. c4 e6 11. Nc3 Rc8 12.
Kh1 h5 13. a4 $14 {1-0 Ivanchuk,V-Kasparov,G/Linares 1991 (37)}) 5. Qxd4 Ngf6
6. Bg5 a6 7. Bxd7+ Nxd7 8. Nc3 Qb6 9. Qd2 e6 (9... Qxb2 $143 10. Rb1 Qa3 11.
O-O $36 (11. Nd5 $5)) 10. O-O-O Qa5 11. Qe1 $5 {Ein sehr interessanter Zug.
Jetzt droht 12.Nd5.} (11. Bf4 $5) (11. Kb1 f6 12. Be3 Ne5 $14) 11... Nb6 (11...
f6 12. Bd2) 12. b3 $5 {Ein weiterer vorbeugender Zug.} h6 13. Bd2 Qc5 14. Be3
Qc7 15. Bd4 Nd7 16. Qe3 Qa5 {Wieß hat jetzt Entwicklungsvorteil und muß
angreifen.} (16... b5 17. Nd5 $5) 17. Nd5 exd5 18. exd5+ Kd8 19. Rhe1 Kc7 20.
Rd3 Kb8 21. Qe8 Nc5 22. Rc3 $40 Ka7 (22... f6) 23. Qxf7 Bg4 {In dieser
Stellung findet Ashley den direkten Weg zum Sieg.} 24. b4 $1 Qa4 $1 {Schwarz
verteidigt sich zäh.} (24... Qxb4 $4 25. Rb3 $18) (24... Qxa2 25. bxc5 dxc5 26.
Rb3 $18) 25. bxc5 dxc5 26. Ne5 $16 (26. Rb3 Qd7) 26... Bd7 (26... cxd4 $5 27.
Nc6+ (27. Rb3 Ba3+ 28. Kb1 Rab8 $16) 27... Kb6 28. Rb3+ Qxb3 29. axb3 bxc6 30.
dxc6 $16) 27. Be3 Qa5 (27... Rd8 28. Rb3 $18) 28. Bd2 (28. Nc6+ Bxc6 29. dxc6
Rb8 30. Bd2 $40 Qb6 31. Re6 $16) 28... Qxa2 29. Rb3 Qa1+ 30. Rb1 Qa3+ 31. Kd1
$18 Rd8 32. Nxd7 Qa2 {Hier findet Ashley den Weg zum Matt!} 33. Rxb7+ $1 Kxb7
34. Nxc5+ Kb6 35. Qb7+ Kxc5 36. Bb4+ (36. Qc6+ Kd4 37. Bc3#) 36... Kd4 37. Qb6+
Kc4 38. Re4+ Kxd5 39. Qe6# {[#]} 1-0

[Event "Berliner Sommer 11th"]
[Site "Berlin"]
[Date "1993.08.21"]
[Round "8"]
[White "David, Alberto"]
[Black "Kalinitschew, Sergey"]
[Result "0-1"]
[WhiteElo "2380"]
[BlackElo "2480"]
[Annotator "Kalinitschew,S"]
[PlyCount "104"]
[EventDate "1993.08.??"]
[EventType "swiss"]
[EventRounds "9"]
[EventCountry "GER"]
[SourceTitle "TD"]
[Source "ChessBase"]
[SourceDate "1994.03.01"]
[SourceVersion "1"]
[SourceVersionDate "1994.03.01"]
[SourceQuality "1"]

1. e4 c5 2. Nf3 Nc6 3. Bb5 d6 4. O-O Bd7 5. Re1 a6 6. Bxc6 Bxc6 7. c3 e6 $5 8.
d4 d5 (8... cxd4 $142 9. cxd4 d5) 9. Ne5 cxd4 10. cxd4 Nf6 (10... dxe4 11. Nxc6
bxc6 $11) 11. Nc3 Be7 $2 (11... dxe4 12. Nxc6 bxc6) 12. Nxc6 bxc6 13. Qa4 Qd7
14. e5 Ng8 15. Be3 Bd8 16. Rac1 Ne7 17. a3 $5 {[%csl Ra6,Rc6][%cal Gc3a2,Ga2b4]
} O-O 18. Na2 Qb7 $1 19. Nb4 Qb5 20. Qc2 Ba5 21. Bd2 Qb6 $1 22. Red1 Rfc8 $8
23. Na2 $138 {(=)} Bxd2 24. Rxd2 Nf5 25. Qc5 Qb3 $1 26. Nb4 h5 $1 27. Qa5 $6
Ne3 $3 28. Rc3 (28. Qc5 Nc4) 28... Qxc3 29. bxc3 Nc4 30. Qc5 Nxd2 31. Nxc6 Ne4
32. Ne7+ $2 (32. Qb6) 32... Kh7 33. Qxc8 Rxc8 34. Nxc8 Nxc3 35. Nd6 Ne2+ 36.
Kf1 Nxd4 37. Nxf7 Kg6 38. Nd6 Nb5 39. Nb7 Kf5 40. a4 Nc7 41. Ke2 Kxe5 42. Kd3
g5 $1 43. h3 h4 44. Kc3 Kf4 45. Kb4 e5 46. Ka5 d4 47. Nc5 e4 48. Kb6 d3 49. Nb3
e3 $1 50. fxe3+ Kxe3 51. Kxc7 Kf2 52. Kb6 Kxg2 {2.59-2.05} (52... Kxg2 53. Kxa6
g4 $19) 0-1